| 000 | 02026nab a2200277 a 4500 | ||
|---|---|---|---|
| 005 | 20210219162302.0 | ||
| 008 | 991125s1985 mx 000 0 spa u | ||
| 035 | _aUPN01000201331 | ||
| 049 | _aART | ||
| 100 | 1 | _aLeón A., Laura Andrea | |
| 100 | 1 | _ulaurandrea@gmail.com | |
| 100 | 1 | _aCárdenas, Fernando P | |
| 100 | 1 | _ulucarden@uniandes.edu.co. | |
| 222 | 0 | _aAVANCES EN PSICOLOGIA LATINOAMERICANA | |
| 245 | 0 | 0 | _a3, 4-methylenedioximethamphetamin reverses anxiety induced by chronic mild stress |
| 260 | _aBogotá, Colombia | ||
| 300 | _a266-278 | ||
| 362 | 0 | _a2013 Volumen 31, número 1 | |
| 520 | _aReportamos aquí los efectos de la administración subcrónica de 3, 4-metilendioximetanfetamina (MDMA) sobre el laberinto en cruz elevado, un modelo animal de ansiedad ampliamente utilizado. Las ratas fueron expuestas a un protocolo de estrés crónico moderado (MCS) y recibieron microinyecciones intra-cerebroventriculares del inhibidor selectivo de la recaptación de serotonina (SSRI)-fluoxetina (2,0 ug/ul) o de MDMA (0,2 ug/ul) durante siete días. En el octavo día las ratas fueron probadas en el laberinto en cruz elevado. Los resultados mostraron que la administración subcrónica de MDMA interactuó con el MCS, llevando a un decremento de los comportamientos relacionados con la ansiedad, incluyendo: porcentaje de entradas a los brazos abiertos (F 26] = 4.00; p = 0.031), el tiempo empleado explorando los brazos abiertos (F[2, 26] = 3.656; p = 0.040) y el tiempo empleado explorando las extremidades de los brazos abiertos (F[2, 26] 26] = 5.842; p = 0.008). Estos resultados sugieren un potencial efecto de MDMA en la reversión del significado emocional de los estímulos aversivos | ||
| 653 | 0 | _aESTRES CRONICO MODERADO | |
| 653 | 0 | _aANSIEDAD | |
| 653 | 0 | _aLABERINTO EN CRUZ | |
| 856 | 4 | _uhttp://www.redalyc.org/articulo.oa?id=79928610021 | |
| 856 | 4 | _uhttp://www.scielo.org.co/scielo.php?script=sci_arttext&pid=S1794-47242013000100021&lng=pt&nrm=iso&tlng=en | |
| 905 | _aArticulo | ||
| 999 |
_c173432 _d173432 |
||